| 000 | 00635naa a2200205 i 4500 | ||
|---|---|---|---|
| 001 | 5233 | ||
| 003 | ES-MaBCM | ||
| 005 | 20241016090935.0 | ||
| 008 | 890303s1988 esp 000 0 spa d | ||
| 021 | _axx | ||
| 035 | _a(OCoLC)1365114240 | ||
| 040 | _cES-MaBCM | ||
| 041 | 0 | _aspa | |
| 043 | _aesp | ||
| 100 | 1 |
_aDi Palma, Giuseppe _912936 |
|
| 245 | 1 | 3 |
_aLa consolidación democrática _b: una visión minimalista _cGiuseppe di Palma |
| 650 | 2 | 7 |
_aCambio de régimen político _957801 |
| 773 | 0 |
_aEn: _tREIS : revista española de investigaciones sociológicas _dMadrid : 1988 _w104569 _gnº 42, abril-junio ; p. 67-92 |
|
| 942 | _cAREV | ||
| 999 |
_c5233 _d5233 |
||